Online
Catalog
Normal view MARC view

Entry Nombre personal

Number of records used in: 4

001 - NÚMERO DE CONTROL

  • campo de control: 13006

003 - IDENTIFICADOR DEL NÚMERO DE CONTROL

  • campo de control: BNPHU

005 - FECHA Y HORA DE LA ÚLTIMA TRANSACCIÓN

  • campo de control: 20240305135616.0

008 - DATOS DE LONGITUD FIJA

  • campo de control de longitud fija: 200615|| aca||aabn | a|a d

040 ## - FUENTE DE LA CATALOGACIÓN

  • Centro catalogador/agencia de origen: DO-SdBNP
  • Lengua de catalogación: spa
  • Centro/agencia transcriptor: BNPHU
  • Normas de descripción: rda

100 1# - ENCABEZAMIENTO-NOMBRE DE PERSONA

  • Nombre de persona: Doyle, Arthur Conan,
  • Fechas asociadas al nombre: 1859-1930

370 ## - LUGAR ASOCIADO

  • Lugar de nacimiento: Edinburgh, Escocia
  • Lugar de fallecimiento: Crowborough (Inglaterra)

372 ## - CAMPO DE ACTIVIDAD

  • Campo de actividad: Literatura
  • Campo de actividad: Medicina
  • Campo de actividad: Espiritismo

373 ## - GRUPO ASOCIADO

  • Grupo asociado: Sociedad de Investigación Psíquica (Gran Bretaña)

375 ## - GÉNERO/SEXO

  • Género/Sexo: Masculino

377 ## - LENGUA/LENGUAJE ASOCIADO

  • Código del idioma: eng

400 1# - TRAZADO DE VÉASE--NOMBRE DE PERSONA

  • Nombre de persona: Conan Doyle, Arthur,
  • Fechas asociadas al nombre: 1859-1930

400 1# - TRAZADO DE VÉASE--NOMBRE DE PERSONA

  • Nombre de persona: Conan Doyle,
  • Fechas asociadas al nombre: 1859-1930

400 1# - TRAZADO DE VÉASE--NOMBRE DE PERSONA

  • Nombre de persona: Doyle, Arturo Conan,
  • Fechas asociadas al nombre: 1859-1930

670 ## - FUENTE DE DATOS ENCONTRADOS

  • Cita de la fuente: Work cat.: (OSt)4235: Doyle, Arthur Conan, 1859-1930., Aventuras de Sherlock Holmes /, 1993.

670 ## - FUENTE DE DATOS ENCONTRADOS

  • Cita de la fuente: The doings of Raffles Haw, 1981:

670 ## - FUENTE DE DATOS ENCONTRADOS

  • Cita de la fuente: The adventure of the Priory School, 1985

670 ## - FUENTE DE DATOS ENCONTRADOS

  • Cita de la fuente: La casa vacia, 1948

Powered by Koha